Catálogo
 En Linea

La sociedad de las esquinas / (Registro nro. 36518)

Detalles MARC
000 -CABECERA
campo de control de longitud fija 00644nam a2200181 a 4500
001 - NÚMERO DE CONTROL
campo de control 000037028
005 - FECHA Y HORA DE LA ÚLTIMA TRANSACCIÓN
campo de control 20211129112640.0
008 - DATOS DE LONGITUD FIJA--INFORMACIÓN GENERAL
campo de control de longitud fija 120209s1971 mx 000 0 spa d
040 ## - FUENTE DE LA CATALOGACIÓN
Centro catalogador/agencia de origen DO-SdBNP
Lengua de catalogación spa
Centro/agencia transcriptor BNPHU
082 ## - NÚMERO DE LA CLASIFICACIÓN DECIMAL DEWEY
Número de clasificación xxxx
Número de documento/Ítem F688s
100 1# - ENTRADA PRINCIPAL--NOMBRE DE PERSONA
Nombre de persona Foote Whyte, William
9 (RLIN) 63431
245 13 - MENCIÓN DE TÍTULO
Título La sociedad de las esquinas /
Mención de responsabilidad, etc. William Foote Whyte.
260 ## - PUBLICACIÓN, DISTRIBUCIÓN, ETC.
Lugar de publicación, distribución, etc. México :
Nombre del editor, distribuidor, etc. Diana,
Fecha de publicación, distribución, etc. 1971.
300 ## - DESCRIPCIÓN FÍSICA
Extensión 428 p. ;
Dimensiones 22 cm.
500 ## - NOTA GENERAL
Nota general Estudio de la sociedad de un barrio bajo que se ha convertido en un clásico de sociología
710 2# - PUNTO DE ACCESO ADICIONAL--NOMBRE DE ENTIDAD CORPORATIVA
Nombre de entidad corporativa o nombre de jurisdicción como elemento de entrada Centro de Ayuda Técnica
9 (RLIN) 63432
710 1# - PUNTO DE ACCESO ADICIONAL--NOMBRE DE ENTIDAD CORPORATIVA
Nombre de entidad corporativa o nombre de jurisdicción como elemento de entrada United States.
Unidad subordinada Agency for International Development
9 (RLIN) 58056
Existencias
Estado de retiro Estado de pérdida Restricciones de uso No para préstamo Código de colección Localización permanente Ubicación/localización actual Ubicación en estantería Fecha de adquisición Número de inventario Total de préstamos Signatura topográfica completa Código de barras Fecha visto por última vez Precio válido a partir de Tipo de ítem Koha Número de copia
      Excluido de préstamo Monografías: Libros y Folletos General General En catalogación 09.02.2012 LF1   xxxx F688s 37028-10 25.06.2020 25.06.2020 No se presta  
      Excluido de préstamo Monografías: Libros y Folletos General General En catalogación 29.03.2012 LF1   xxxx F688s 37028-20 25.06.2020 25.06.2020 No se presta e. 2
      Excluido de préstamo Monografías: Libros y Folletos General General Depósito 09.02.2012 LF1   xxxx F688s 37029-10 25.06.2020 25.06.2020 No se presta  

Con tecnología Koha